000 00584nam a2200265Ia 4500
005 20260306164145.0
008 008 260114s9999 xx 000 0 eng d
020 _a9780231527750
037 _aEBOOK
040 _aCRL
040 _beng
040 _cCRL
041 _2eng
041 _aeng
084 _qCRL
100 _aVogel
245 0 _aMedia Of Reason
260 _bColumbia University Press
260 _c2015
650 _aPhilosophy
856 _uhttps://academic.oup.com/book/15058
942 _cEBOOK
999 _c1712975
_d1712975